00199nam a2200073Ia 4500082001200000245002500012100004700037008004100084 aAF SMIT 0aMusiek van die hart  a SMITH, Bets Pretoria, 2004 1ste druk 210817s9999 xx 000 0 und d